• 首页
  • 本馆介绍
  • 公告通知
  • 最新文献
  • 馆藏检索
  • 电子资源
  • 读者导购
  • 参考咨询
  • 我的图书馆
  • 登录
  • 详细信息显示
  • 放入我的书架
  • 预约/预借图书
  • 作者相关作品
  • 分类相关作品
  • 丛书相关作品
  • 出版社相关作品

书目信息

  • 表格格式
  • 工作单格式
  • 卡片格式
题名:
有线电视数字加解密技术与集成电路
    
 
作者: 何则晃 编
分册:  
出版信息: 北京   电子工业出版社  1999
页数: 396页
开本: 26cm
丛书名:
单 册:
中图分类: TN941.3
科图分类:
主题词: 电缆电视--电视系统--密码术 , 密码术 , 视频信号--数字技术--电视系统--密码术
电子资源:
ISBN: 7-5053-5468-X
000 00728nam0 2200229 45
001 0900000009208
005 20050913172527.62
010    @a7-5053-5468-X@dCNY42.00
100    @a20030710d1999 em y0chiy0121 ea
101 0  @achi
102    @aCN@b110000
105    @ay z 000yy
200 1  @a有线电视数字加解密技术与集成电路@Ayou xian dian shi shu zi jia jie mi ji shu yu ji cheng dian lu@f何则晃等编@Fhe ze huang deng bian
210    @a北京@c电子工业出版社@d1999
215    @a396页@d26cm
606 0  @a电缆电视@x电视系统@x密码术
606 0  @a密码术
606 0  @a视频信号@x数字技术@x电视系统@x密码术
690    @aTN941.3@v4
701  0 @a何则晃@Ahe ze huang@4编
801  0 @aCN@bTSSF@c20050913
905    @a10447@dTN941.3@e192
    
    有线电视数字加解密技术与集成电路/何则晃等编.-北京:电子工业出版社,1999
    396页;26cm
    
    
    ISBN 7-5053-5468-X:CNY42.00
    
●
相关链接 在E读中查询图书 在五车中查询图书 在当当中查询图书 在豆瓣中查询图书


正题名:有线电视数字加解密技术与集成电路     索取号:TN941.3/192         预约/预借

序号 登录号 条形码 馆藏地/架位号 状态 备注
1 0360893   3608938   第二样本阅览室/ [索取号:TN941.3/192] 在馆    
2 0360894   3608947   第三借阅区/ [索取号:TN941.3/192] 在馆    
3 0360895   3608956   第三借阅区/ [索取号:TN941.3/192] 在馆    
唐山师范学院图书馆 欢迎您!
大连网信软件有限公司© 版权所有